| 000 | 00608nam a22002177a 4500 | ||
|---|---|---|---|
| 003 | OSt | ||
| 005 | 20180809144736.0 | ||
| 008 | 180809b xxu||||| |||| 00| 0 spa d | ||
| 020 | _a950-25-1428-9 | ||
| 040 | _cBiblioteca Ernesto Sábato | ||
| 092 |
_a324.282 1 _bA368 _eBDT |
||
| 100 | _aAlen Lascano, Luis C. | ||
| 245 | _aYrigoyenismo y antipersonalismo | ||
| 260 |
_aBuenos Aires _bCentro Editor de América Latina _c1986 |
||
| 300 | _a139 p | ||
| 440 |
_aBiblioteca política argentina ; _n 164 |
||
| 650 | _aUNION CIVICA RADICAL | ||
| 650 | _aYRIGOYENISMO | ||
| 650 | _a/BDT/ | ||
| 942 |
_2ddc _cBDT |
||
| 999 |
_c32607 _d32607 |
||